000 00473pab a2200157 454500
008 180718b2003 xxu||||| |||| 00| 0 eng d
100 _aBartlett, Randall
245 _aTesting the `Popsicle Test': realities of retalil shopping in new `Traditional neighbourhood developments'
260 _c2003
300 _ap.1471-485.
362 _aJul
650 _aNeighbouring rights - United States
650 _aNeighbouring rights
773 _aUrban Studies
909 _a57145
999 _c57145
_d57145